000 00736nas a2200253 4500
001 BR5600264
003 BR-BrBNA
005 20231205082004.0
007 ta
008 230509b bl.|||p| |||| 00| 00por d
040 _aBR-BrBNA
_bpor
_cBiblioteca Nacional de Agricultura
041 _a(Pt)
072 _aL73
100 1 _aCorrea, O.
245 1 _aIncidencia da brucelose bovina, suina e ovina no Rio Grande do Sul [Brasil]
650 _aBRUCELOSE
650 _aBOVINO
650 _aOVINO
650 _aSUÍNO
650 _aRIO GRANDE DO SUL
773 0 _tBoletim da Diretoria da Producao Animal (Brazil)
_x
_g(May-Nov 1956), v. 13(25) p. 43-45
_wBR5600264
909 _a202311
_bLúcia
_c55
_dLúcia Elande
942 _2AGRIS
_n0
_cANA
999 _c88362
_d88362